Catálogo Biblioteca Central

Democrazia con aggettivi (Registro nro. 51870)

Detalles MARC
000 -CABECERA
campo de control de longitud fija 00628naa a2200205 i 4500
001 - NÚMERO DE CONTROL
campo de control 51870
003 - IDENTIFICADOR DEL NÚMERO DE CONTROL
campo de control ES-MaBCM
005 - FECHA Y HORA DE LA ÚLTIMA TRANSACCIÓN
campo de control 20241016111315.0
008 - CÓDIGOS DE INFORMACIÓN DE LONGITUD FIJA
campo de control de longitud fija 980323s1997 ita 000 0 ita d
021 ## -
-- xx
035 ## - NÚMERO DE CONTROL DEL SISTEMA
Número de control de sistema (OCoLC)1365270329
040 ## - FUENTE DE LA CATALOGACIÓN
Centro transcriptor ES-MaBCM
041 0# - CÓDIGO DE LENGUA
Código de lengua del texto/banda sonora o título independiente ita
043 ## - CÓDIGO DE ÁREA GEOGRÁFICA
Código de área geográfica ita
100 1# - PUNTO DE ACCESO PRINCIPAL - NOMBRE DE PERSONA
Nombre de persona Collier, David
9 (RLIN) 10321
245 10 - MENCIÓN DE TÍTULO
Título Democrazia con aggettivi
Resto del título : l'innvazione concettuale nella ricerca comparata
Mención de responsabilidad etc. David Collier
650 27 - PUNTO DE ACCESO ADICIONAL DE MATERIA--TÉRMINO DE MATERIA
Término de materia o nombre geográfico como elemento inicial Democracia
9 (RLIN) 58263
773 0# - ENLACE AL DOCUMENTO FUENTE
Encabezamiento principal En:
Título Rivista italiana di scienza politica
Lugar editor y fecha de publicación Bologna : 1997
Número de control del registro relacionado 104693
Parte(s) relacionada(s) anno XXVII, n. 3, dic., p. 449-476. - Loc. S.13
942 ## - ELEMENTOS DE PUNTO DE ACCESO ADICIONAL (KOHA)
Tipo de ítem Koha Artículos de revistas
Existencias
Estado de retiro Estado de pérdida Estado dañado No para préstamo Localización permanente Ubicación/localización actual Fecha de adquisición Precio válido a partir de Tipo de ítem Koha
        Biblioteca Central del Ministerio de la Presidencia Biblioteca Central del Ministerio de la Presidencia 21/04/2012 21/04/2012 Artículos de revistas